| 000 | 00458nam a22001577a 4500 | ||
|---|---|---|---|
| 005 | 20150311152154.0 | ||
| 008 | 150311b xxu||||| |||| 00| 0 eng d | ||
| 020 | _a9780195978346 | ||
| 040 | _cPK-LaUMT | ||
| 082 |
_aKHC 954.91804 _bSAR-L |
||
| 100 | _aSarah Ansari | ||
| 245 |
_aLife after partition _bmigration, community and strife in Sindh: 1947-62 _cSarah Ansari |
||
| 260 |
_aKarachi _bOxford University press _c2006 |
||
| 300 | _a240 p. | ||
| 942 | _cBK | ||
| 999 |
_c67727 _d67727 |
||